Rozsypanka literowa - Państwa Azji - Statystyki

Ogólne statystyki
  • Ten quiz został rozwiązany 18 440 razy
  • Średni wynik to 13 z 20
Statystyki odpowiedzi
Państwo % Poprawnych
Cypr
89%
Chiny
83%
Laos
83%
Irak
82%
Iran
80%
Oman
80%
Jemen
79%
Azerbejdżan
78%
Kuwejt
78%
Filipiny
77%
Syria
77%
Nepal
76%
Indie
75%
Kambodża
75%
Tadżykistan
75%
Mjanma
73%
Tajwan
71%
Afganistan
69%
Katar
68%
Bhutan
67%
Izrael
66%
Japonia
66%
Liban
66%
Bahrajn
64%
Turcja
63%
Gruzja
61%
Kazachstan
61%
Malezja
60%
Bangladesz
58%
Tajlandia
58%
Mongolia
57%
Wietnam
52%
Singapur
51%
Kirgistan
50%
Turkmenistan
50%
Brunei
49%
Malediwy
48%
Pakistan
47%
Indonezja
45%
Uzbekistan
44%
Jordania
43%
Armenia
38%
Nie znaleziono quizów pasujących do podanych kryteriów
Rozkład punktacji
Procent ludzi z każdym wynikiem
Percentyl według liczby udzielonych odpowiedzi
Twoja historia wyników
Nie rozwiązałeś tego quizu